[Event "7th Parsvnath International Open Chess T"]
[Site "Modern School, Barakhamba Road"]
[Date "2009.01.18"]
[Round "9.28"]
[White "Amanov, Zhanibek"]
[Black "Mishra, Soumyaranjan"]
[Result "1-0"]
[WhiteElo "2413"]
[BlackElo "2296"]
[PlyCount "61"]
[EventDate "2009.01.11"]

1. e4 c5 2. Nf3 Nc6 3. d4 cxd4 4. Nxd4 Nf6 5. Nc3 e6 6. Nxc6 bxc6 7. e5 Nd5 8.
Ne4 Qc7 9. f4 Qb6 10. c4 Bb4+ 11. Ke2 Ba6 12. Kf3 f5 13. Nf2 Ne7 14. Be3 Bc5
15. Bxc5 Qxc5 16. Qd6 Qb6 17. b3 c5 18. Rd1 Bb7+ 19. Kg3 Qxd6 20. Rxd6 g5 21.
fxg5 Ng6 22. Nd3 Rd8 23. Be2 Ke7 24. Rd1 Be4 25. Nxc5 Nxe5 26. Rxd7+ Rxd7 27.
Rxd7+ Kf8 28. Nxe6+ Ke8 29. Rxa7 f4+ 30. Kxf4 Bb1 31. c5 1-0

[Event "7th Parsvnath International Open Chess T"]
[Site "Modern School, Barakhamba Road"]
[Date "2009.01.18"]
[Round "9.29"]
[White "Singh, Gurpreet Pal"]
[Black "Himanshu, Sharma"]
[Result "0-1"]
[WhiteElo "2258"]
[BlackElo "2405"]
[PlyCount "62"]
[EventDate "2009.01.11"]

1. e4 c5 2. Nf3 e6 3. d4 cxd4 4. Nxd4 Nf6 5. Nc3 d6 6. Bg5 a6 7. f4 Nbd7 8. Be2
Be7 9. Qd3 Qc7 10. Bf3 h6 11. Bh4 g5 12. fxg5 Ne5 13. Qe2 Nh7 14. Bf2 hxg5 15.
h4 gxh4 16. Bxh4 Nf8 17. g3 Qc4 18. O-O-O Qxe2 19. Bxe2 Nfg6 20. Bxe7 Rxh1 21.
Rxh1 Kxe7 22. Na4 Bd7 23. Nb6 Rg8 24. Nxd7 Nxd7 25. Kd2 Nge5 26. Rh3 Nf6 27.
Bd3 Rg4 28. Ke3 d5 29. Rh4 Rxg3+ 30. Kf2 Rg4 31. Rxg4 Nfxg4+ 0-1

[Event "7th Parsvnath International Open Chess T"]
[Site "Modern School, Barakhamba Road"]
[Date "2009.01.18"]
[Round "9.30"]
[White "Das, Arghyadip"]
[Black "Koshy, Varugeese"]
[Result "1/2-1/2"]
[WhiteElo "2404"]
[BlackElo "2248"]
[PlyCount "77"]
[EventDate "2009.01.11"]

1. e4 d6 2. d4 g6 3. Nc3 Bg7 4. Bg5 c6 5. Qd2 b5 6. f4 Nd7 7. Nf3 Nb6 8. Be2
Nf6 9. e5 Nfd5 10. Nxd5 Nxd5 11. a4 b4 12. a5 f6 13. Bh4 Rb8 14. O-O O-O 15. c4
bxc3 16. bxc3 Kh8 17. Bg3 Be6 18. c4 Nc7 19. d5 cxd5 20. Nd4 fxe5 21. Nc6 Qe8
22. Nxb8 exf4 23. Bxf4 Bxa1 24. Rxa1 Qxb8 25. c5 Ne8 26. Rc1 Qb3 27. Qd4+ Kg8
28. c6 Qa2 29. Bf3 Qxa5 30. Ra1 Qb5 31. Bh6 Rf7 32. Qe3 Bc8 33. Rxa7 e5 34.
Rxf7 Kxf7 35. Qa7+ Kg8 36. Qa8 Qb6+ 37. Kf1 Ba6+ 38. Be2 Bxe2+ 39. Kxe2 1/2-1/2

[Event "7th Parsvnath International Open Chess T"]
[Site "Modern School, Barakhamba Road"]
[Date "2009.01.18"]
[Round "9.31"]
[White "Sagar, Shah"]
[Black "Nitin, S."]
[Result "0-1"]
[WhiteElo "2283"]
[BlackElo "2365"]
[PlyCount "136"]
[EventDate "2009.01.11"]

1. d4 Nf6 2. c4 c5 3. d5 d6 4. Nc3 g6 5. Nf3 Bg7 6. Bg5 h6 7. Bh4 O-O 8. e3 Qa5
9. Nd2 Nbd7 10. Be2 a6 11. a4 Ne5 12. O-O Qc7 13. f4 Neg4 14. Rf3 Nh7 15. h3
Ngf6 16. Rf1 Bd7 17. e4 e6 18. Bg3 exd5 19. cxd5 Ne8 20. a5 f5 21. Bd3 Bd4+ 22.
Kh1 Ng7 23. Nc4 fxe4 24. Nxe4 Nf5 25. Bh2 Bb5 26. Qd2 Bxc4 27. Bxc4 Ne3 28.
Rfc1 Nxc4 29. Rxc4 Rfe8 30. Qxd4 cxd4 31. Rxc7 Rxe4 32. Rxb7 Nf6 33. Rb6 Rae8
34. Bg1 d3 35. Rd1 Nxd5 36. Rxa6 Nxf4 37. Rxd6 Re2 38. Rb6 Re1 39. Rxe1 Rxe1
40. Rd6 Ne2 41. Rxg6+ Kf7 42. Rd6 Ng3+ 43. Kh2 Nf1+ 44. Kh1 d2 45. a6 d1=Q 46.
Rxd1 Rxd1 47. a7 Ra1 48. b4 Ke6 49. b5 Kd7 50. b6 Kc6 51. Bd4 Ra4 52. g4 Kb7
53. Bf2 Nd2 54. Kg2 Nc4 55. Kg3 Nxb6 56. Bxb6 Kxb6 57. Kh4 Ra5 58. a8=Q Rxa8
59. Kh5 Rh8 60. Kg6 Kc6 61. Kg7 Ra8 62. Kxh6 Rh8+ 63. Kg7 Rxh3 64. g5 Kd7 65.
g6 Ke7 66. Kg8 Kf6 67. g7 Rg3 68. Kh8 Kf7 0-1

[Event "7th Parsvnath International Open Chess T"]
[Site "Modern School, Barakhamba Road"]
[Date "2009.01.18"]
[Round "9.32"]
[White "Saurabh, Kherdekar"]
[Black "Swapnil, S  Dhopade"]
[Result "0-1"]
[WhiteElo "2238"]
[BlackElo "2361"]
[PlyCount "92"]
[EventDate "2009.01.11"]

1. Nf3 Nf6 2. c4 e6 3. g3 d5 4. d4 Be7 5. Bg2 O-O 6. O-O dxc4 7. Qc2 a6 8. Qxc4
b5 9. Qc2 Bb7 10. Bd2 Ra7 11. Rc1 Be4 12. Qb3 Nc6 13. e3 Qa8 14. Qd1 Nb8 15.
Ba5 Bd6 16. Nbd2 Bd5 17. a3 Nbd7 18. Qf1 Rc8 19. Ne1 c5 20. dxc5 Nxc5 21. Bxd5
Nxd5 22. e4 Nf6 23. e5 Bxe5 24. Bb6 Bxb2 25. Rxc5 Rxc5 26. Ra2 Bd4 27. Nb3 Rc2
28. Bxa7 Rxa2 29. Bxd4 Qd5 30. Nc1 Rxa3 31. Nc2 Ra4 32. Ne2 Qc6 33. Ne3 Nd5 34.
Qb1 Nxe3 35. fxe3 Rc4 36. Qd3 f6 37. Bb2 Qd5 38. Qb3 Qd2 39. Nd4 e5 40. Nc6 Qc2
41. Qa2 Qa4 42. Ne7+ Kf7 43. Ba3 Qd1+ 44. Kf2 Qc2+ 45. Qxc2 Rxc2+ 46. Kf3 Ke6
0-1

[Event "7th Parsvnath International Open Chess T"]
[Site "Modern School, Barakhamba Road"]
[Date "2009.01.18"]
[Round "9.33"]
[White "Saravana, Krishnan P"]
[Black "Praveen Kumar, C."]
[Result "0-1"]
[WhiteElo "2243"]
[BlackElo "2360"]
[PlyCount "56"]
[EventDate "2009.01.11"]

1. e4 e6 2. Qe2 c5 3. Nf3 Nc6 4. g3 Nf6 5. Bg2 d5 6. exd5 Nxd5 7. O-O Be7 8.
Na3 O-O 9. Nc4 Qc7 10. a4 Bf6 11. d3 h6 12. c3 b6 13. Nfd2 Bb7 14. f4 Rad8 15.
Ne4 Be7 16. g4 f5 17. Ng3 Bc8 18. Ne5 Nxe5 19. fxe5 f4 20. Nh5 Bg5 21. Qe4 Bb7
22. Qg6 Qf7 23. Qxf7+ Rxf7 24. Be4 Ne3 25. Bxe3 Bxe4 26. Nxf4 Bxd3 27. Rf2 Rdf8
28. Rd2 c4 0-1

[Event "7th Parsvnath International Open Chess T"]
[Site "Modern School, Barakhamba Road"]
[Date "2009.01.18"]
[Round "9.34"]
[White "Vinoth, Kumar"]
[Black "Shivananda, B S."]
[Result "1/2-1/2"]
[WhiteElo "2204"]
[BlackElo "2347"]
[PlyCount "74"]
[EventDate "2009.01.11"]

1. d4 Nf6 2. c4 g6 3. h4 c5 4. d5 b5 5. e4 Nxe4 6. h5 Qa5+ 7. Nd2 Bg7 8. Qf3
Nd6 9. cxb5 Bb7 10. hxg6 hxg6 11. Rxh8+ Bxh8 12. a4 a6 13. Ra3 axb5 14. Qh3 Bf6
15. Qh7 Kd8 16. axb5 Qb4 17. Qg8+ Kc7 18. Rb3 Na6 19. bxa6 Rxg8 20. Rxb4 cxb4
21. axb7 Kxb7 22. Nc4 Nxc4 23. Bxc4 Rh8 24. b3 Bc3+ 25. Kf1 Ra8 26. Ke2 Ra1 27.
Kd1 Bd4 28. Ne2 Bxf2 29. Kc2 Bc5 30. Bd2 Rh1 31. Bd3 Kc7 32. Nc1 e5 33. dxe6
dxe6 34. Be2 Bd6 35. Nd3 Rh8 36. Be1 Rh2 37. Bf3 f5 1/2-1/2

[Event "7th Parsvnath International Open Chess T"]
[Site "Modern School, Barakhamba Road"]
[Date "2009.01.18"]
[Round "9.35"]
[White "Vul, Arkadi Eremeevich"]
[Black "Bhagwat, Vinod"]
[Result "1/2-1/2"]
[WhiteElo "2344"]
[BlackElo "2166"]
[PlyCount "44"]
[EventDate "2009.01.11"]

1. Nf3 d5 2. d4 Nf6 3. c4 c6 4. cxd5 cxd5 5. Nc3 Nc6 6. Bf4 a6 7. Rc1 Bf5 8. e3
e6 9. Qb3 Bd6 10. Qxb7 Na5 11. Qxa8 Qxa8 12. Bxd6 Nc4 13. Bxc4 dxc4 14. O-O Ne4
15. Nxe4 Bxe4 16. Rxc4 Bd3 17. Rb4 Bxf1 18. Rb8+ Qxb8 19. Bxb8 Bc4 20. b3 Bd5
21. Nd2 Ke7 22. Ba7 f6 1/2-1/2

[Event "7th Parsvnath International Open Chess T"]
[Site "Modern School, Barakhamba Road"]
[Date "2009.01.18"]
[Round "9.36"]
[White "Saptarshi, Roy"]
[Black "Sridhar, J."]
[Result "1-0"]
[WhiteElo "2410"]
[BlackElo "2159"]
[PlyCount "74"]
[EventDate "2009.01.11"]

1. e4 d6 2. d4 g6 3. Nc3 Bg7 4. Be3 Nd7 5. Qd2 a6 6. f4 b5 7. e5 Bb7 8. Bd3 c5
9. dxc5 Nxc5 10. Bxc5 dxc5 11. Be4 Qxd2+ 12. Kxd2 O-O-O+ 13. Ke2 f6 14. Nf3 Nh6
15. Bxb7+ Kxb7 16. Ne4 Kc6 17. c3 fxe5 18. fxe5 Rd5 19. a4 b4 20. cxb4 cxb4 21.
Rhc1+ Kb6 22. a5+ Rxa5 23. Rxa5 Kxa5 24. Rc5+ Kb6 25. Nd4 Nf5 26. Ne6 h5 27.
Kd3 a5 28. Kc4 Ne3+ 29. Kb3 Bh6 30. Nd4 Ra8 31. Rc6+ Ka7 32. Nc5 Rf8 33. Nb5+
Kb8 34. Nd7+ Kb7 35. Rc7+ Ka6 36. Rc6+ Kb7 37. Rb6+ Kc8 1-0

[Event "7th Parsvnath International Open Chess T"]
[Site "Modern School, Barakhamba Road"]
[Date "2009.01.18"]
[Round "9.37"]
[White "Murali Krishnan, B T."]
[Black "Shantharam, K V."]
[Result "1-0"]
[WhiteElo "2444"]
[BlackElo "2191"]
[PlyCount "74"]
[EventDate "2009.01.11"]

1. d4 e6 2. c4 Nf6 3. Nc3 d5 4. Bg5 Nbd7 5. e3 c6 6. cxd5 exd5 7. Bd3 Be7 8.
Nge2 Ne4 9. Bxe7 Qxe7 10. Bxe4 dxe4 11. Ng3 Nf6 12. Qc2 O-O 13. Ngxe4 Bf5 14.
Nxf6+ Qxf6 15. Qd2 Rad8 16. O-O g5 17. f3 Qg7 18. Rad1 Be6 19. e4 f5 20. d5
cxd5 21. exd5 Bc8 22. Rfe1 b6 23. d6 Bb7 24. Re7 Rf7 25. Rxf7 Kxf7 26. Re1 Re8
27. Nb5 Bc6 28. Rxe8 Kxe8 29. Nd4 Bd7 30. f4 gxf4 31. Qxf4 Qf7 32. Qe5+ Kd8 33.
h3 Qxa2 34. Qh8+ Be8 35. Ne6+ Kd7 36. Nc5+ Kxd6 37. Qxe8 Qxb2 1-0

[Event "7th Parsvnath International Open Chess T"]
[Site "Modern School, Barakhamba Road"]
[Date "2009.01.18"]
[Round "9.38"]
[White "Ramaraju, N."]
[Black "Girinath, P D S."]
[Result "0-1"]
[WhiteElo "2131"]
[BlackElo "2404"]
[PlyCount "133"]
[EventDate "2009.01.11"]

1. Nf3 Nf6 2. c4 g6 3. d4 Bg7 4. g3 O-O 5. Bg2 d6 6. Nc3 Nc6 7. O-O a6 8. Qd3
Rb8 9. d5 Nb4 10. Qb1 a5 11. a3 Na6 12. Rd1 Nc5 13. Nd4 a4 14. Qc2 Bd7 15. h3
e5 16. dxe6 fxe6 17. e4 Nh5 18. Be3 e5 19. Ndb5 Ne6 20. Qd2 Nhf4 21. Nd5 Nxg2
22. Kxg2 Bc6 23. f3 Qd7 24. Rac1 b6 25. h4 Rf7 26. Qb4 Rbf8 27. Rf1 Bb7 28.
Rcd1 Bc8 29. Rd2 Nd4 30. Nxd4 exd4 31. Bf4 Qh3+ 32. Kf2 Be5 33. Ke1 Be6 34.
Rdf2 Bxd5 35. cxd5 Bxf4 36. gxf4 Rxf4 37. Ke2 Rxe4+ 38. Kd2 Qxh4 39. Qxa4 Qf4+
40. Kd1 Re5 41. Qd7 Qf7 42. Qxf7+ Rxf7 43. Kd2 Rxd5 44. Kd3 c5 45. Kc4 Rdf5 46.
Kb5 Rb7 47. Kc6 Rff7 48. a4 d5 49. Kxd5 Rfd7+ 50. Kc4 Rb8 51. Re1 d3 52. b3
Rd4+ 53. Kc3 Rbd8 54. Rd2 Kf7 55. Ra1 Kf6 56. a5 bxa5 57. Rxa5 R4d5 58. Kc4 Ke5
59. Ra7 R8d7 60. Ra8 Kf4 61. Rf8+ Ke3 62. Kc3 Rf5 63. Re8+ Kxf3 64. Rxd3+ Rxd3+
65. Kxd3 h5 66. Kc4 h4 67. Re7 0-1

[Event "7th Parsvnath International Open Chess T"]
[Site "Modern School, Barakhamba Road"]
[Date "2009.01.18"]
[Round "9.39"]
[White "Gagare, Shardul"]
[Black "Khamzin, Olzhas"]
[Result "1/2-1/2"]
[WhiteElo "2159"]
[BlackElo "2401"]
[PlyCount "171"]
[EventDate "2009.01.11"]

1. c4 c5 2. Nc3 Nc6 3. Nf3 g6 4. e3 Bg7 5. d4 d6 6. Be2 Nf6 7. O-O O-O 8. d5
Na5 9. a3 Bg4 10. Nd2 Bxe2 11. Qxe2 Nd7 12. Rb1 Rb8 13. Nd1 b6 14. b4 Nb7 15.
Nb3 e6 16. e4 exd5 17. cxd5 Re8 18. f3 f5 19. Nf2 Qh4 20. g3 Qh5 21. Bb2 Bxb2
22. Rxb2 Re7 23. Kg2 Rbe8 24. Re1 fxe4 25. fxe4 Qxe2 26. Rbxe2 Ne5 27. Nd2 Rf8
28. Re3 c4 29. Nd1 a5 30. Nc3 axb4 31. axb4 Ra8 32. R1e2 Nd8 33. Nb5 Ndf7 34.
Rc3 Ra2 35. Nd4 b5 36. Nxb5 Rb7 37. Na3 Rxb4 38. Nc2 Rba4 39. Ne3 Rb2 40. Nd1
Rba2 41. Ne3 Ng5 42. Kf1 Rxd2 43. Rxd2 Nxe4 44. Rdc2 Nxc3 45. Rxc3 Kf7 46. Ke2
Ke7 47. Nc2 Ra5 48. Ne3 Kd8 49. h3 h5 50. Kd2 Ra4 51. Nc2 Ra5 52. Ne3 Rc5 53.
Ra3 Rb5 54. Rc3 Rb4 55. Nc2 Rb1 56. Na3 Rg1 57. Nxc4 Rg2+ 58. Ke1 Nxc4 59. Rxc4
Rxg3 60. Rf4 Ke7 61. Re4+ Kd7 62. Re6 g5 63. Rg6 Re3+ 64. Kf2 Re5 65. Rg7+ Ke8
66. Rh7 g4 67. hxg4 hxg4 68. Kg3 Rg5 69. Rh4 Ke7 70. Rh6 Kd7 71. Rh7+ Kc8 72.
Rf7 Kd8 73. Ra7 Ke8 74. Rb7 Kf8 75. Rc7 Rg6 76. Ra7 Rg7 77. Rxg7 Kxg7 78. Kxg4
Kg6 79. Kf4 Kf6 80. Ke4 Kg5 81. Ke3 Kf5 82. Kf3 Ke5 83. Ke3 Kxd5 84. Kd3 Kc5
85. Kc3 d5 86. Kd3 1/2-1/2

[Event "7th Parsvnath International Open Chess T"]
[Site "Modern School, Barakhamba Road"]
[Date "2009.01.18"]
[Round "9.40"]
[White "Gajendra, Singh"]
[Black "Narayanan, Srinath"]
[Result "1-0"]
[WhiteElo "2128"]
[BlackElo "2397"]
[PlyCount "141"]
[EventDate "2009.01.11"]

1. c4 c5 2. Nf3 Nc6 3. b3 Nf6 4. Bb2 d5 5. cxd5 Nxd5 6. g3 f6 7. Bg2 e5 8. d3
Be7 9. O-O O-O 10. Nc3 Be6 11. Rc1 Rc8 12. Ne4 b6 13. a3 Qd7 14. h4 Bh3 15. Re1
Bxg2 16. Kxg2 Rfd8 17. Qc2 Kh8 18. Nc3 Nd4 19. Qd1 Nxf3 20. exf3 Nc7 21. Re3
Ne6 22. Ne2 Rc6 23. Qe1 Rd6 24. Rd1 Qb5 25. Qc3 Nd4 26. Nc1 h6 27. Qc4 Qxc4 28.
bxc4 R6d7 29. Re4 Nc6 30. Re2 Kg8 31. Bc3 Kf7 32. Rde1 a6 33. Rb2 Rb7 34. a4
Rdb8 35. Ne2 Rd7 36. Nc1 Nb4 37. Rd1 Rbd8 38. Rbd2 Ke6 39. h5 Kf7 40. f4 exf4
41. gxf4 Nc6 42. Ne2 f5 43. Rb1 Rxd3 44. Rxd3 Rxd3 45. Rxb6 Nd4 46. Bxd4 cxd4
47. Ng3 a5 48. Nxf5 Bf6 49. Nd6+ Ke6 50. f3 Bd8 51. Ra6 Rd2+ 52. Kg3 Kd7 53.
Nb5 d3 54. c5 Rc2 55. Rd6+ Ke7 56. c6 Bb6 57. Rd7+ Kf8 58. c7 d2 59. Rxd2 Rxc7
60. Nxc7 Bxc7 61. Rd7 Bb6 62. Kg4 Bc5 63. Kf5 Bb4 64. Ke6 Kg8 65. f5 Bc5 66.
Rc7 Bd4 67. Rc8+ Kh7 68. f4 Bf6 69. Rf8 Bc3 70. f6 gxf6 71. Rxf6 1-0

[Event "7th Parsvnath International Open Chess T"]
[Site "Modern School, Barakhamba Road"]
[Date "2009.01.18"]
[Round "9.41"]
[White "Katalymov, Boris N"]
[Black "Mohamma, Javed"]
[Result "1-0"]
[WhiteElo "2367"]
[BlackElo "2188"]
[PlyCount "47"]
[EventDate "2009.01.11"]

1. e4 c5 2. Nf3 d6 3. d4 cxd4 4. Nxd4 Nf6 5. Nc3 a6 6. Bg5 e6 7. Qd3 b5 8. a4
b4 9. Nd1 Bb7 10. f3 Nbd7 11. Ne3 Be7 12. Be2 O-O 13. O-O d5 14. Bxf6 Bxf6 15.
exd5 Nc5 16. Qd2 exd5 17. Qxb4 Re8 18. Nef5 Rc8 19. a5 Qd7 20. Rf2 g6 21. Nh6+
Kh8 22. Qd2 Bg7 23. g4 f6 24. h4 1-0

[Event "7th Parsvnath International Open Chess T"]
[Site "Modern School, Barakhamba Road"]
[Date "2009.01.18"]
[Round "9.42"]
[White "Debashis, Das"]
[Black "Kiran, Manisha Mohanty"]
[Result "1/2-1/2"]
[WhiteElo "2365"]
[BlackElo "2184"]
[PlyCount "21"]
[EventDate "2009.01.11"]

1. Nf3 c5 2. g3 g6 3. Bg2 Bg7 4. d4 cxd4 5. Nxd4 Nc6 6. Nb3 Nf6 7. O-O O-O 8.
Nc3 d6 9. e4 Bg4 10. f3 Be6 11. f4 1/2-1/2

[Event "7th Parsvnath International Open Chess T"]
[Site "Modern School, Barakhamba Road"]
[Date "2009.01.18"]
[Round "9.43"]
[White "Arun, Karthik R"]
[Black "Amrutha, Mokal"]
[Result "1/2-1/2"]
[WhiteElo "2348"]
[BlackElo "2175"]
[PlyCount "58"]
[EventDate "2009.01.11"]

1. e4 c5 2. Nf3 e6 3. d4 cxd4 4. Nxd4 a6 5. Bd3 Nf6 6. O-O Qc7 7. Qe2 d6 8. c4
g6 9. Nc3 Bg7 10. Nf3 Nbd7 11. h3 O-O 12. Bf4 Nh5 13. Bd2 b6 14. Rfd1 Bb7 15.
Rac1 Rac8 16. g4 Nhf6 17. Bf4 Qb8 18. Bb1 e5 19. Bd2 Nc5 20. Nd5 Bxd5 21. cxd5
a5 22. b3 Qa7 23. Ne1 Qd7 24. f3 Ne8 25. Qe3 Nc7 26. a3 Nb5 27. b4 axb4 28.
axb4 Na4 29. Rxc8 Rxc8 1/2-1/2

[Event "7th Parsvnath International Open Chess T"]
[Site "Modern School, Barakhamba Road"]
[Date "2009.01.18"]
[Round "9.44"]
[White "Sangma, Rahul"]
[Black "Sai, Krishna G V"]
[Result "1/2-1/2"]
[WhiteElo "2322"]
[BlackElo "2162"]
[PlyCount "88"]
[EventDate "2009.01.11"]

1. c4 Nf6 2. Nf3 g6 3. b3 Bg7 4. Bb2 O-O 5. g3 d6 6. d4 Nc6 7. Bg2 e5 8. dxe5
dxe5 9. O-O e4 10. Nd4 Nxd4 11. Qxd4 Bf5 12. Rd1 Qxd4 13. Bxd4 Rad8 14. Na3 Rd7
15. Bc3 Rfd8 16. Rxd7 Rxd7 17. h3 h5 18. Nc2 c6 19. Ne3 Ng4 20. Nd1 Bxc3 21.
Nxc3 Nf6 22. Kf1 Kf8 23. Ke1 Ke7 24. g4 hxg4 25. hxg4 Bxg4 26. Bxe4 Nxe4 27.
Nxe4 b6 28. Rc1 f5 29. Nc3 Kf6 30. a4 Re7 31. Rd1 f4 32. Rd8 Rd7 33. Ne4+ Ke7
34. Rxd7+ Bxd7 35. c5 Bf5 36. cxb6 axb6 37. Nc3 Kd6 38. Kd2 Kc5 39. Na2 g5 40.
f3 Kd4 41. Nb4 Be6 42. Nc2+ Kd5 43. Kc3 g4 44. fxg4 Bxg4 1/2-1/2

[Event "7th Parsvnath International Open Chess T"]
[Site "Modern School, Barakhamba Road"]
[Date "2009.01.18"]
[Round "9.45"]
[White "Hemant, Sharma (del)"]
[Black "Ashwath, R."]
[Result "1/2-1/2"]
[WhiteElo "2131"]
[BlackElo "2312"]
[PlyCount "42"]
[EventDate "2009.01.11"]

1. e4 e5 2. Nf3 Nc6 3. Bb5 a6 4. Bxc6 dxc6 5. d4 exd4 6. Qxd4 Qxd4 7. Nxd4 Bd7
8. Be3 g6 9. Nc3 Bg7 10. O-O-O O-O-O 11. Rhe1 h5 12. Nde2 Ne7 13. Bd4 f6 14.
Nf4 g5 15. e5 f5 16. Nh3 g4 17. Ng5 Bh6 18. Be3 Rdf8 19. e6 Be8 20. Bf4 h4 21.
g3 b6 1/2-1/2

[Event "7th Parsvnath International Open Chess T"]
[Site "Modern School, Barakhamba Road"]
[Date "2009.01.18"]
[Round "9.46"]
[White "Dave, Kantilal"]
[Black "Deshmukh, Anup"]
[Result "0-1"]
[WhiteElo "2125"]
[BlackElo "2311"]
[PlyCount "91"]
[EventDate "2009.01.11"]

1. c4 Nf6 2. Nc3 g6 3. g3 Bg7 4. Bg2 O-O 5. e3 e5 6. Nge2 d6 7. d4 Nc6 8. O-O
Bg4 9. h3 Bd7 10. Kh2 Re8 11. d5 Na5 12. Qd3 a6 13. e4 b5 14. b3 Rb8 15. cxb5
axb5 16. b4 Nb7 17. Be3 c5 18. dxc6 Bxc6 19. Rac1 Qd7 20. a4 Nd8 21. a5 Qb7 22.
Rfd1 Bf8 23. Nd5 Nd7 24. a6 Qc8 25. a7 Ra8 26. Nec3 Qb7 27. Ra1 Ne6 28. Ra5 Nd4
29. Bxd4 exd4 30. Nxb5 Ne5 31. Qf1 Bxd5 32. exd5 d3 33. Rda1 h5 34. f4 Nc4 35.
Qxd3 Nxa5 36. Rxa5 Qb6 37. h4 Bg7 38. Qb1 Re7 39. Qa2 Re1 40. Qc4 Kh7 41. Ra2
Qg1+ 42. Kh3 Rc1 43. Qe2 Qb6 44. Ra5 Rcc8 45. Qe7 Rc2 46. Be4 0-1

[Event "7th Parsvnath International Open Chess T"]
[Site "Modern School, Barakhamba Road"]
[Date "2009.01.18"]
[Round "9.47"]
[White "Debayan, Majumdar"]
[Black "Shetty, Rahul"]
[Result "1-0"]
[WhiteElo "2112"]
[BlackElo "2311"]
[PlyCount "62"]
[EventDate "2009.01.11"]

1. e4 e5 2. Nf3 Nc6 3. Bc4 Bc5 4. c3 Nf6 5. d4 exd4 6. O-O d3 7. Qxd3 d6 8. b4
Bb6 9. a4 a6 10. Bg5 h6 11. Bh4 Bg4 12. Nbd2 Ne5 13. Nxe5 dxe5 14. Qg3 Qxd2 15.
Qxe5+ Kf8 16. Bxf6 gxf6 17. Qxf6 Rh7 18. h3 Bh5 19. a5 Ba7 20. Bd5 Rb8 21. g4
c6 22. Qd6+ Kg7 23. gxh5 cxd5 24. Kh2 Kg8 25. Rad1 Qxc3 26. Rg1+ Rg7 27. Rxg7+
Kxg7 28. Rg1+ Kh7 29. Qf4 Rf8 30. Qf5+ Kh8 31. e5 Qc6 1-0

[Event "7th Parsvnath International Open Chess T"]
[Site "Modern School, Barakhamba Road"]
[Date "2009.01.18"]
[Round "9.48"]
[White "Aravind, Subramanian N"]
[Black "Ramakrishna, J."]
[Result "0-1"]
[WhiteElo "2103"]
[BlackElo "2298"]
[PlyCount "88"]
[EventDate "2009.01.11"]

1. Nf3 c5 2. c4 Nc6 3. Nc3 g6 4. g3 Bg7 5. Bg2 d6 6. O-O e5 7. d3 Nge7 8. Rb1
f5 9. a3 O-O 10. Ne1 Be6 11. Nd5 Qd7 12. Nc2 f4 13. b4 Nf5 14. b5 Ncd4 15. Nxd4
Nxd4 16. Bb2 Bh3 17. Bxd4 cxd4 18. a4 Bxg2 19. Kxg2 Rf7 20. f3 h5 21. Qe1 g5
22. h3 fxg3 23. Qxg3 Bh6 24. h4 Kh7 25. Qh3 g4 26. fxg4 hxg4 27. Rxf7+ Qxf7 28.
Qh1 Rf8 29. Rf1 Bf4 30. Kg1 Kh6 31. Kg2 Kh5 32. Qg1 Qd7 33. Nxf4+ exf4 34. Qxd4
Qf5 35. Qxd6 f3+ 36. exf3 gxf3+ 37. Kf2 Re8 38. Qd5 Re2+ 39. Kg1 Qxd5 40. cxd5
Kg4 41. Kh1 Rd2 42. d4 Rxd4 43. h5 Kg3 44. Rg1+ Kf2 0-1

[Event "7th Parsvnath International Open Chess T"]
[Site "Modern School, Barakhamba Road"]
[Date "2009.01.18"]
[Round "9.49"]
[White "Maheswaran, P."]
[Black "Gahan, M G."]
[Result "1-0"]
[WhiteElo "2297"]
[BlackElo "2161"]
[PlyCount "73"]
[EventDate "2009.01.11"]

1. d4 d5 2. Nf3 Nf6 3. c4 g6 4. Nc3 Bg7 5. cxd5 Nxd5 6. e4 Nxc3 7. bxc3 c5 8.
Rb1 O-O 9. Be2 b6 10. O-O Bb7 11. Qd3 Ba6 12. Qe3 Bxe2 13. Qxe2 Qc7 14. Bg5 e6
15. Qe3 Nd7 16. Bh6 Nf6 17. Bxg7 Kxg7 18. Rbc1 Rac8 19. h4 Rfd8 20. e5 Nd5 21.
Qd2 h5 22. Ng5 Qe7 23. g3 cxd4 24. cxd4 Qb4 25. Qe2 Rxc1 26. Rxc1 Qxd4 27. Qf3
Rd7 28. Qxf7+ Rxf7 29. Nxe6+ Kh6 30. Nxd4 Nb4 31. f4 Nxa2 32. Rc6 Nb4 33. Rd6
Nd3 34. e6 Rf8 35. e7 Re8 36. Nf5+ Kh7 37. Rd8 1-0

[Event "7th Parsvnath International Open Chess T"]
[Site "Modern School, Barakhamba Road"]
[Date "2009.01.18"]
[Round "9.50"]
[White "Mohannad, Farhan"]
[Black "Singh, Arvinder Preet"]
[Result "1-0"]
[WhiteElo "2279"]
[BlackElo "2155"]
[PlyCount "133"]
[EventDate "2009.01.11"]

1. e4 c5 2. Nf3 Nc6 3. d4 cxd4 4. Nxd4 Nf6 5. Nc3 e5 6. Ndb5 d6 7. Bg5 a6 8.
Na3 b5 9. Nd5 Be7 10. Bxf6 Bxf6 11. c3 Ne7 12. Nxf6+ gxf6 13. Bd3 d5 14. Qe2
Be6 15. Nc2 Qb6 16. f3 O-O 17. exd5 Bxd5 18. Ne3 Be6 19. Ng4 Kg7 20. O-O-O Ng6
21. g3 h5 22. Ne3 Rfd8 23. Rhf1 b4 24. c4 b3 25. a3 Rac8 26. f4 e4 27. Bxe4 Bh3
28. Rfe1 Re8 29. Qd3 Qc5 30. Kb1 Rc7 31. Nd5 Rd7 32. Qc3 Rd6 33. Bxg6 Rxe1 34.
Rxe1 Kxg6 35. Qxb3 Re6 36. Rxe6 fxe6 37. Ne3 a5 38. Qd3+ Kh6 39. Qc3 e5 40.
fxe5 fxe5 41. b4 axb4 42. axb4 Qf8 43. c5 Qf6 44. c6 Be6 45. b5 Qf2 46. Nc2
Qf1+ 47. Kb2 Qxb5+ 48. Nb4 Qe2+ 49. Ka3 Qe4 50. Qd2+ Kg7 51. Qg5+ Kf8 52. Qf6+
Bf7 53. Qd6+ Kg7 54. Ka4 Qe3 55. Kb5 e4 56. Qe5+ Kg8 57. c7 Qe2+ 58. Kb6 Qc4
59. Qc5 Qxc5+ 60. Kxc5 Be6 61. Nd5 Kf7 62. Kd4 h4 63. Ne3 Kf8 64. g4 Ke7 65.
Ke5 Kd7 66. c8=Q+ Kxc8 67. Kxe6 1-0

[Event "7th Parsvnath International Open Chess T"]
[Site "New Delhi India"]
[Date "2009.01.19"]
[Round "10"]
[White "Mikhail, Ulibin"]
[Black "M  S, Thejkumar"]
[Result "1-0"]
[WhiteElo "2511"]
[BlackElo "2424"]
[PlyCount "83"]
[EventDate "2009.01.11"]
[Source "MonRoi"]

1. d4 Nf6 2. Nf3 e6 3. g3 d5 4. Bg2 c5 5. O-O b5 6. Bg5 Nbd7 7. e4 Be7 8. e5
Ne4 9. Bxe7 Qxe7 10. c3 O-O 11. Nbd2 Nxd2 12. Qxd2 a5 13. a3 cxd4 14. cxd4 Nb6
15. b3 Bd7 16. Rfc1 a4 17. b4 Nc4 18. Qe1 Rfc8 19. Bf1 Rc7 20. Nd2 Rac8 21.
Bxc4 dxc4 22. Ne4 Bc6 23. Nc3 Qd7 24. Qe3 Bd5 25. Rd1 Qc6 26. f4 Rd8 27. Ra2
Rcd7 28. Rf2 Qb6 29. Rfd2 Qc6 30. Kf2 f6 31. exf6 gxf6 32. g4 Rg7 33. Rg1 Kf7
34. Ke1 Rdg8 35. g5 h6 36. h4 Ke8 37. Rf2 h5 38. Kd2 Kd7 39. Re1 f5 40. Qe5 Re7
41. Rfe2 Rgg7 42. g6 1-0

[Event "7th Parsvnath International Open Chess T"]
[Site "New Delhi India"]
[Date "2009.01.19"]
[Round "10"]
[White "Das, Neelotpal"]
[Black "Petr, Kostenko"]
[Result "1/2-1/2"]
[WhiteElo "2490"]
[BlackElo "2501"]
[PlyCount "93"]
[EventDate "2009.01.11"]
[Source "MonRoi"]

1. d4 c5 2. c3 e6 3. Nf3 Nc6 4. e4 d5 5. exd5 exd5 6. Bb5 Bd6 7. dxc5 Bxc5 8.
O-O Nge7 9. Nbd2 O-O 10. Nb3 Bd6 11. Re1 Bg4 12. h3 Bh5 13. Be2 Re8 14. Bg5 a6
15. Nfd4 Bg6 16. Bd3 Qc7 17. Bxg6 hxg6 18. Qc2 Ne5 19. Re2 N7c6 20. Rae1 Kf8
21. Qd1 Qd7 22. Bf4 Nc4 23. Bxd6+ Qxd6 24. Nf3 Re7 25. Rxe7 Nxe7 26. Qe2 Ng8
27. Ng5 Nf6 28. Nd4 Qd7 29. Qc2 Re8 30. Rd1 b5 31. Qc1 Qd6 32. Ngf3 Ne4 33. Nc2
Qc5 34. Rd4 a5 35. Nce1 Ned6 36. Nd3 Qc6 37. b3 Nb6 38. Qa3 b4 39. cxb4 Nb5 40.
Qxa5 Ra8 41. Nfe5 Rxa5 42. Nxc6 Rxa2 43. Rh4 Kg8 44. Ne7+ Kf8 45. Nc6 Kg8 46.
Ne7+ Kf8 47. Nc6 1/2-1/2